000 00245nam a22001097a 4500
082 _a629.134353 SMI'A
100 _aSMITH, C. W
_980308
245 _aAIRCRAFT GAS TURBINES
260 _aNEWYORK
_bJOHN WILEY
_c1956
300 _a448P
942 _cBK
999 _c585258
_d585258